Language Quiz

Random Language or Spanish Quiz

Spanish Professions (2nd year) Quiz Stats

 Plays Quiz not verified by Sporcle

Challenge
Share
Tweet
Embed
Score 0/20 Timer 05:00
0 Plays Today
Hint Answer % Correct
firemanbombero
69.3%
dentistadentist
64.8%
lawyerabogado
60.2%
driverconductor
56.8%
cook/chefcocinero
55.7%
secretariasecretary
55.7%
programmerprogramador
46.6%
policemanpolicía
44.3%
ayudarto help
43.2%
engineeringeniero
40.9%
Hint Answer % Correct
mailmancartero
37.5%
carpentercarpintero
36.4%
journalistperiodista
36.4%
mechanicmecánico
33%
nurseenfermera
33%
leylaw
28.4%
mesera/camarerawaitress
25%
incendiofire
23.9%
beauticianpeluquero
19.3%
social workertrabajador social
15.9%

You're not logged in!

Compare scores with friends on all Sporcle quizzes.
Join for Free
OR
Log In

You Might Also Like...

Show Comments

Extras

Created Mar 11, 2015ReportNominate
Tags:Spanish Quiz, 2nd, profession

Top Quizzes Today


Score Distribution

Your Account Isn't Verified!

In order to create a playlist on Sporcle, you need to verify the email address you used during registration. Go to your Sporcle Settings to finish the process.

Report this User

Report this user for behavior that violates our Community Guidelines.

Details: